000
00289nam a2200121Ia 4500
008
190216s9999||||xx |||||||||||||| ||und||
100
_a
Tulsi Ram Sharma & Singh Chauhan S D
245
0
_a
Indian Industries
260
_b
Null
_c
1977
300
_a
638p
650
_a
Commerce
942
_c
BK
999
_c
4714
_d
4714